000 00745nam a22002417a 4500
005 20170124110234.0
010 _aB-106241
020 _c225.00
_a8120321944
035 _aB-106241
037 _bCen Lib/Ret
040 _aDPL
_bEN
082 _a621.31
_bPAI
100 _aPaithankar, Y.G.
_941885
245 _aFundamental of power system protection /
_cby Y.G. Paithnkar [and] S.R. Bhide
260 _aNew Delhi
_bPrentice hall of India
_c2005
270 _bNew Delhi
_aM-97, Connaught circus
_e11001
300 _a287p.
_c23cm(Hb)
500 _aIncludes index
650 _aComputer science
_941886
650 _aPower system protection
_941887
700 _aBhide, S.R.
_941869
942 _2ddc
_cEN
_h621.31
_mPAI
999 _c134828
_d134828